000 00591nam a2200229Ia 4500
008 191119s9999 xx 000 0 und d
020 _a978-621-428-022-4
050 _aFIL JZ 1318
050 _b.A75 2018
100 _aAriola, Mariano M.
245 4 _aThe Contemporary world /
245 0 _cMariano M. Ariola.
260 _aPhilippines :
260 _bUnlimited Books,
260 _c2018
300 _a131 pages :
300 _billustrations ;
300 _c23 cm.
500 _aIncludes bibliographic references.
650 _aGlobalization.
650 _xWorld economics.
999 _c363102
_d363102